00532nam a2200157Ia 450000500170000000800410001708200130005810000170007124500470008826000600013530000120019550000470020794200060025495200990026099900150035920250323113020.0240331s9999 xx 000 0 und d bMOUa894 aMounaguru, S 0aIlankaith thamilarin pulampeyar illakkiyam aNugegodabSuthanthira illakiya vizah amaippu kuluc1995 a25 p ., aA book of Tamilarin pulampeyer illakkiyam cL 001040708LaWERCLbWERCLcSSCd2024-03-31l0o 894.811 MOUp5063r2024-03-31w2024-03-31yL c4107d4107